000 00279nam a2200109Ia 4500
008 200302s9999 xx 000 0 und d
100 _aTerry Kirk
245 _aThe Architecture Of Modern Italy - Vol 2
260 _bPrinceton Architectural Press
260 _c2005
300 _a280 P
999 _c4888
_d4888